[Event "Zalakaros op 29th"]
[Site "Zalakaros"]
[Date "2010.05.31"]
[Round "6"]
[White "Munka, Bela"]
[Black "Ferencz, Istvan"]
[Result "1-0"]
[WhiteElo "1838"]
[BlackElo "2072"]
[PlyCount "107"]
[EventDate "2010.05.26"]
[EventType "swiss"]
[EventRounds "9"]
[EventCountry "HUN"]
[SourceTitle "CBM 136 Extra"]
[Source "ChessBase"]
[SourceDate "2010.07.02"]
[SourceVersion "2"]
[SourceVersionDate "2010.07.15"]
[SourceQuality "1"]

1. d4 d5 2. c4 e6 3. Nc3 Be7 4. Nf3 Nf6 5. Bf4 0-0 6. Qc2 a6 7. e3 b6 8. Be2 Bb7 9. b3 Nbd7 10. 0-0 Re8 11. Rfd1 Ne4 12. cxd5 exd5 13. Nxe4 dxe4 14. Nd2 Bd6 15. Bxd6 cxd6 16. Rac1 Rc8 17. Qb1 Qe7 18. Bg4 d5 19. Rxc8 Rxc8 20. Rc1 Rc6 21. Rxc6 Bxc6 22. Be2 Bb7 23. Qc1 Qd6 24. Kh1 f5 25. f4 Nf6 26. h3 h6 27. g3 g5 28. Qf1 g4 29. h4 Qa3 30. Qb1 Kf7 31. Kg2 Ke7 32. Qc2 Kd7 33. Kf2 Ne8 34. Nb1 Qe7 35. Nc3 Nc7 36. a4 Ne6 37. Nd1 Nf8 38. Kg1 Ng6 39. Bf1 Nf8 40. Kf2 Ne6 41. Be2 Nd8 42. Nc3 Ke6 43. Bf1 Nc6 44. Na2 Kd7 45. Be2 Qa3 46. Ke1 Na7 47. Kf2 b5 48. Nc3 Bc6 49. Qa2 Qxa2 50. Nxa2 bxa4 51. bxa4 Bxa4 52. Bxa6 Bb5 53. Bxb5+ Nxb5 54. Ke2 1-0

[Event "Zalakaros op 29th"]
[Site "Zalakaros"]
[Date "2010.05.29"]
[Round "4"]
[White "Munka, Bela"]
[Black "Nagy, Kristof"]
[Result "1/2-1/2"]
[WhiteElo "1838"]
[BlackElo "1952"]
[PlyCount "85"]
[EventDate "2010.05.26"]
[EventType "swiss"]
[EventRounds "9"]
[EventCountry "HUN"]
[SourceTitle "CBM 136 Extra"]
[Source "ChessBase"]
[SourceDate "2010.07.02"]
[SourceVersion "2"]
[SourceVersionDate "2010.07.15"]
[SourceQuality "1"]

1. d4 d5 2. Nf3 Nf6 3. e3 c5 4. Bd3 Nc6 5. c3 e6 6. 0-0 Qc7 7. Nbd2 cxd4 8. exd4 Bd6 9. Re1 0-0 10. Nf1 h6 11. Qe2 a6 12. Bd2 b5 13. Rac1 Nd7 14. Nh4 Bf4 15. g3 Bxd2 16. Nxd2 Qd6 17. f4 Nf6 18. Nhf3 Bd7 19. Nb3 b4 20. Nc5 bxc3 21. Rxc3 Nb4 22. Nxd7 Nxd7 23. Bb1 Qb6 24. a3 Nc6 25. Qc2 Rfc8 26. Rc1 Na7 27. Qh7+ Kf8 28. Rxc8+ Nxc8 29. Qh8+ Ke7 30. Rxc8 Rxc8 31. Qxc8 Qb3 32. Kg2 Qxb2+ 33. Bc2 Qxa3 34. Ne5 Nxe5 35. fxe5 Qb2 36. Qc5+ Ke8 37. Kh3 Qa1 38. Bd3 g5 39. Qb4 g4+ 40. Kh4 Qc1 41. Qb8+ Ke7 42. Qd6+ Ke8 43. Qb8+ 1/2-1/2

[Event "Zalakaros op 28th"]
[Site "Zalakaros"]
[Date "2009.05.13"]
[Round "6"]
[White "Munka, Bela"]
[Black "Kozma, Edit"]
[Result "0-1"]
[WhiteElo "1877"]
[BlackElo "2050"]
[PlyCount "54"]
[EventDate "2009.05.08"]
[EventType "swiss"]
[EventRounds "9"]
[EventCountry "HUN"]
[SourceTitle "CBM 130 Extra"]
[Source "ChessBase"]
[SourceDate "2009.07.02"]
[SourceVersion "2"]
[SourceVersionDate "2009.07.15"]
[SourceQuality "1"]

1. d4 Nf6 2. Nf3 g6 3. Bf4 Bg7 4. h3 0-0 5. Nbd2 c5 6. c3 cxd4 7. cxd4 Nc6 8. e3 d6 9. Be2 Re8 10. 0-0 e5 11. Bg5 exd4 12. exd4 d5 13. Rc1 Qb6 14. Nb3 a5 15. a4 Rxe2 16. Qxe2 Qxb3 17. Bxf6 Bxf6 18. Qe8+ Kg7 19. Ne5 Bxe5 20. dxe5 d4 21. Rxc6 bxc6 22. Qxc6 Bb7 23. Qf6+ Kg8 24. Rc1 d3 25. Qg5 Qd5 26. f3 d2 27. Rd1 Rd8 0-1

[Event "Zalakaros op 28th"]
[Site "Zalakaros"]
[Date "2009.05.12"]
[Round "5"]
[White "Munka, Bela"]
[Black "Tesik, Csaba"]
[Result "0-1"]
[WhiteElo "1877"]
[BlackElo "2145"]
[PlyCount "64"]
[EventDate "2009.05.08"]
[EventType "swiss"]
[EventRounds "9"]
[EventCountry "HUN"]
[SourceTitle "CBM 130 Extra"]
[Source "ChessBase"]
[SourceDate "2009.07.02"]
[SourceVersion "2"]
[SourceVersionDate "2009.07.15"]
[SourceQuality "1"]

1. d4 Nf6 2. c4 g6 3. Nc3 Bg7 4. e4 d6 5. Nge2 a6 6. Ng3 c6 7. Be2 b5 8. 0-0 Nbd7 9. f3 h5 10. Nh1 e5 11. Be3 0-0 12. Qd2 Bb7 13. Rad1 Qe7 14. d5 cxd5 15. cxd5 Nh7 16. g4 f5 17. gxf5 gxf5 18. exf5 Ndf6 19. b4 Bc8 20. Bd3 h4 21. Qg2 Kh8 22. Qd2 Nh5 23. Nf2 Bxf5 24. Nfe4 Bh3 25. Rf2 Nf4 26. Bb1 Bh6 27. Kh1 Rg8 28. Bxf4 Bxf4 29. Qe2 Rg7 30. Rg1 Rxg1+ 31. Kxg1 Rg8+ 32. Kh1 Qg7 0-1

[Event "HUN-ch Seniors"]
[Site "Ajka"]
[Date "2008.06.26"]
[Round "5"]
[White "Munka, Bela"]
[Black "Szabo, Vilmos"]
[Result "1/2-1/2"]
[WhiteElo "1875"]
[BlackElo "1804"]
[PlyCount "33"]
[EventDate "2008.06.23"]
[EventType "swiss"]
[EventRounds "9"]
[EventCountry "HUN"]
[SourceTitle "EXT 2011"]
[Source "ChessBase"]
[SourceDate "2010.11.26"]
[SourceVersion "1"]
[SourceVersionDate "2010.11.26"]
[SourceQuality "1"]

1. d4 Nf6 2. Nf3 e6 3. Bf4 d5 4. e3 Be7 5. Bd3 0-0 6. Nbd2 c5 7. c3 Nc6 8. Qe2 a6 9. h3 c4 10. Bc2 b5 11. e4 dxe4 12. Nxe4 Nd5 13. Bh2 f5 14. Ned2 Bd6 15. Ne5 Nxe5 16. Bxe5 Bxe5 17. Qxe5 1/2-1/2

[Event "HUN-ch Seniors"]
[Site "Ajka"]
[Date "2008.06.25"]
[Round "3"]
[White "Munka, Bela"]
[Black "Krepsz, Gabor"]
[Result "1-0"]
[WhiteElo "1875"]
[BlackElo "1793"]
[PlyCount "70"]
[EventDate "2008.06.23"]
[EventType "swiss"]
[EventRounds "9"]
[EventCountry "HUN"]
[SourceTitle "EXT 2011"]
[Source "ChessBase"]
[SourceDate "2010.11.26"]
[SourceVersion "1"]
[SourceVersionDate "2010.11.26"]
[SourceQuality "1"]

1. d4 g6 2. c4 Bg7 3. Nc3 e6 4. e4 Ne7 5. d5 e5 6. d6 cxd6 7. Nb5 0-0 8. Qxd6 a5 9. Nc7 Ra6 10. Nxa6 Nxa6 11. Bd2 Nc6 12. a3 Nd4 13. Bd3 Nb3 14. Rd1 Nxd2 15. Rxd2 b6 16. Bc2 Re8 17. Qd3 Nc5 18. Qe3 Ne6 19. Ne2 Nd4 20. 0-0 Bf6 21. Nxd4 Bg5 22. Qd3 exd4 23. Qxd4 Bxd2 24. Qxd2 Qc7 25. b3 Qe5 26. Rd1 Re7 27. Qd6 Re6 28. Qxe5 Rxe5 29. f3 Kf8 30. Kf2 Ke7 31. Ke3 Bb7 32. Kd4 Re6 33. Kc3 f6 34. b4 Re5 35. Ba4 axb4+ 1-0

[Event "Zalakaros op 23rd"]
[Site "Zalakaros"]
[Date "2004.05.22"]
[Round "9"]
[White "Munka, Bela"]
[Black "Kovacs, Zsolt3333"]
[Result "0-1"]
[WhiteElo "1974"]
[BlackElo "1835"]
[PlyCount "74"]
[EventDate "2004.05.14"]
[EventType "swiss"]
[EventRounds "9"]
[EventCountry "HUN"]
[SourceTitle "EXT 2008"]
[Source "ChessBase"]
[SourceDate "2007.11.25"]
[SourceVersion "1"]
[SourceVersionDate "2007.11.25"]
[SourceQuality "1"]

1. d4 Nf6 2. Nf3 g6 3. Bf4 Bg7 4. h3 d6 5. e3 0-0 6. Be2 Nbd7 7. 0-0 c5 8. c3 cxd4 9. cxd4 b6 10. Nc3 Bb7 11. Rc1 Re8 12. Nb5 Rf8 13. Nd2 a6 14. Nc3 b5 15. a3 Rc8 16. Bf3 d5 17. Na2 Nb6 18. b3 Re8 19. Rxc8 Qxc8 20. Qc1 Nfd7 21. Qb1 Qa8 22. Bc7 Rc8 23. Rc1 Bc6 24. Bg3 a5 25. Be2 a4 26. Nc3 axb3 27. Qxb3 Nc4 28. Ndb1 Qa6 29. Na2 Ra8 30. Nb4 Qb6 31. Nxc6 Qxc6 32. Qb4 Bf8 33. Rc3 e6 34. Qb3 Qa6 35. Bxc4 dxc4 36. Qb2 Nb6 37. e4 Na4 0-1

[Event "Zalakaros op 23rd"]
[Site "Zalakaros"]
[Date "2004.05.21"]
[Round "8"]
[White "Toth, Laszlo2222"]
[Black "Munka, Bela"]
[Result "1-0"]
[WhiteElo "2068"]
[BlackElo "1974"]
[PlyCount "89"]
[EventDate "2004.05.14"]
[EventType "swiss"]
[EventRounds "9"]
[EventCountry "HUN"]
[SourceTitle "EXT 2008"]
[Source "ChessBase"]
[SourceDate "2007.11.25"]
[SourceVersion "1"]
[SourceVersionDate "2007.11.25"]
[SourceQuality "1"]

1. e4 e6 2. Nc3 d5 3. exd5 exd5 4. d4 c6 5. Bd3 Bd6 6. Nge2 Ne7 7. Bf4 0-0 8. Qd2 Bf5 9. 0-0 Bxd3 10. Qxd3 Ng6 11. Bxd6 Qxd6 12. f4 f5 13. Rae1 Nd7 14. Qg3 Rae8 15. h4 Nf6 16. Rd1 Re7 17. Qg5 Ng4 18. h5 Nh8 19. Rd2 Qf6 20. Nd1 h6 21. Qxf6 Rxf6 22. Nf2 Nxf2 23. Rxf2 Nf7 24. Ng3 Nd6 25. b3 Kf7 26. Rde2 Rfe6 27. Re5 g6 28. hxg6+ Kxg6 29. Rf3 h5 30. Rfe3 Rxe5 31. dxe5 Nf7 32. Ne2 Nh6 33. Rd3 Rd7 34. c4 d4 35. Rxd4 Rxd4 36. Nxd4 a6 37. b4 Ng8 38. a4 Ne7 39. a5 Kf7 40. Kf2 Ke8 41. Kg3 Kd7 42. Kh4 Kc7 43. Kxh5 b5 44. axb6+ Kxb6 45. Nxf5 1-0

[Event "Zalakaros op 23rd"]
[Site "Zalakaros"]
[Date "2004.05.20"]
[Round "7"]
[White "Mittelbach, Eduard"]
[Black "Munka, Bela"]
[Result "0-1"]
[WhiteElo "1859"]
[BlackElo "1974"]
[PlyCount "73"]
[EventDate "2004.05.14"]
[EventType "swiss"]
[EventRounds "9"]
[EventCountry "HUN"]
[SourceTitle "EXT 2008"]
[Source "ChessBase"]
[SourceDate "2007.11.25"]
[SourceVersion "1"]
[SourceVersionDate "2007.11.25"]
[SourceQuality "1"]

1. g4 e5 2. Bg2 h5 3. d4 e4 4. g5 d5 5. h4 Bd6 6. c4 c6 7. Nc3 Ne7 8. cxd5 cxd5 9. Qb3 Nbc6 10. e3 0-0 11. Nge2 Na5 12. Qc2 g6 13. Nb5 Nc4 14. Nxd6 Qxd6 15. Nc3 Be6 16. b3 Nb6 17. a4 Rac8 18. Bd2 Qd7 19. a5 Na8 20. Qb2 Nc7 21. Na4 Na6 22. Bf1 Bg4 23. b4 Bf3 24. Rg1 Rc7 25. b5 Nb8 26. Be2 Rfc8 27. Nc5 Qh3 28. Bxf3 exf3 29. b6 axb6 30. axb6 Rc6 31. Qa3 Qh2 32. Rf1 Nf5 33. Kd1 Nd6 34. Rb1 Ne4 35. Nxe4 dxe4 36. Rc1 Qxh4 37. Re1 0-1

[Event "HUN-chT 0203"]
[Site "Hungary"]
[Date "2003.04.06"]
[Round "10.11"]
[White "Munka, Bela"]
[Black "Madl, Ildiko"]
[Result "0-1"]
[WhiteElo "2027"]
[BlackElo "2377"]
[PlyCount "76"]
[EventDate "2002.09.22"]
[EventType "team"]
[EventRounds "11"]
[EventCountry "HUN"]
[SourceTitle "EXT 2004"]
[Source "ChessBase"]
[SourceDate "2003.11.25"]
[SourceVersion "1"]
[SourceVersionDate "2003.11.25"]
[SourceQuality "1"]
[WhiteTeam "PMSE"]
[BlackTeam "Csuti Hydro"]
[WhiteTeamCountry "HUN"]
[BlackTeamCountry "HUN"]

1. d4 d5 2. Nf3 Nf6 3. Bf4 c5 4. e3 Nc6 5. c3 Qb6 6. Qb3 c4 7. Qxb6 axb6 8. Na3 Bf5 9. Nh4 Bd7 10. Bc7 Ra6 11. Nxc4 dxc4 12. Bxc4 Ra4 13. Bd3 Nd5 14. Bg3 e6 15. e4 Nde7 16. Bc2 Ra8 17. Bd6 Nc8 18. Bxf8 Kxf8 19. 0-0 Ke7 20. Nf3 Rd8 21. Nd2 b5 22. a3 Nb6 23. f4 Be8 24. Rf3 Rac8 25. Bd3 Na5 26. Bf1 Nac4 27. Nxc4 Nxc4 28. Bxc4 bxc4 29. Re1 Kf8 30. g4 f6 31. g5 fxg5 32. fxg5+ Ke7 33. e5 Bg6 34. Ref1 Rf8 35. Rxf8 Rxf8 36. Rxf8 Kxf8 37. Kf2 Ke7 38. Ke3 Kd7 0-1

[Event "Erkel Memorial op"]
[Site "Gyula"]
[Date "2001.10.30"]
[Round "1"]
[White "Munka, Bela"]
[Black "Monus, Zoltan"]
[Result "1-0"]
[WhiteElo "2078"]
[BlackElo "2160"]
[PlyCount "87"]
[EventDate "2001.10.30"]
[EventType "swiss"]
[EventRounds "9"]
[EventCountry "HUN"]
[SourceTitle "EXT 2008"]
[Source "ChessBase"]
[SourceDate "2007.11.25"]
[SourceVersion "1"]
[SourceVersionDate "2007.11.25"]
[SourceQuality "1"]

1. d4 Nf6 2. Nf3 g6 3. Bf4 Bg7 4. Nbd2 0-0 5. h3 d6 6. e3 b6 7. Bc4 Bb7 8. 0-0 c5 9. c3 a6 10. a4 Nbd7 11. Qe2 Ra7 12. Rfe1 h6 13. Bh2 d5 14. Bd3 Ne4 15. Ne5 Nxe5 16. Bxe5 Bxe5 17. dxe5 Qc7 18. f4 Nxd2 19. Qxd2 Bc6 20. Qc2 Kg7 21. Qe2 c4 22. Bc2 e6 23. Qg4 Qe7 24. h4 h5 25. Qg3 Rfa8 26. Rf1 Kh7 27. f5 exf5 28. Bxf5 Rg8 29. Bc2 Bd7 30. Qf3 Bg4 31. Qxd5 Rd7 32. Qxc4 Be6 33. Qf4 Rd2 34. Rf2 Rgd8 35. Raf1 Rxf2 36. Rxf2 Rc8 37. Rd2 b5 38. g3 bxa4 39. Bxa4 Rc4 40. Rd4 Rc5 41. Bc2 Qc7 42. Rd6 Rc4 43. Qf6 Qc5 44. Kf2 1-0